000 00550nam a22001817a 4500
999 _c16162
_d16162
008 210527b ||||| |||| 00| 0 eng d
020 _a9786210400199
082 _22019
_aDFil 371.102
_bP289
100 _aPawilen, Greg T., author
_943270
245 _aTeaching profession:
_bpassion and mission/
_cGreg Tabios Pawilen
250 _aSecond edition
260 _aManila :
_bRex Book Store,
_c©2019.
300 _aiii, 147 pages;
_c25 cm.
500 _aIncludes index.
650 _aTeaching.
_943276
365 _b400.00
_cPhp
942 _2ddc
_cDFIL